000
00311nam a2200121Ia 4500
008
190216s9999||||xx |||||||||||||| ||und||
100
_a
Kishan Hari
245
2
_a
A Text Book Of Vector Algebra And Calculus
260
_b
Himalaya Publishing House
_c
1988
300
_a
448p
650
_a
Mathematics
942
_c
BK
999
_c
30944
_d
30944